000 00618nam a2200181Ia 4500
008 100917s9999 xx 000 0 und d
082 _b35737
100 _aसाठे वसंत
245 _aराजकपूर आणि त्याचे चित्रपट
260 _bगं्रथाली
_c1978
300 _a114
365 _b16
520 _aचरित्र
630 _aराजकपूर आणि त्याचे चित्रपट
650 _aचरित्र
730 _aराजकपूर आणि त्याचे चित्रपट
942 _cBOOK
999 _c641131
_d641128